How to obtain abundant clean energy (Record no. 45824)

MARC details
000 -LEADER
fixed length control field 00583nam a2200169 a 4500
008 - FIXED-LENGTH DATA ELEMENTS--GENERAL INFORMATION
fixed length control field 060316s1980 ||||||||||||||||| || u
020 ## - INTERNATIONAL STANDARD BOOK NUMBER
International Standard Book Number 0306403994
050 ## - LIBRARY OF CONGRESS CALL NUMBER
Classification number TJ 163.2 Mac
100 ## - MAIN ENTRY--PERSONAL NAME
Personal name McGown, Linda Baine
245 10 - TITLE STATEMENT
Title How to obtain abundant clean energy
260 ## - PUBLICATION, DISTRIBUTION, ETC.
Place of publication, distribution, etc. New York :
Name of publisher, distributor, etc. Plenum Press
Date of publication, distribution, etc. 1980
300 ## - PHYSICAL DESCRIPTION
Extent xii, 262 p. : ill.
350 ## - PRICE (NR) (BK AM CF MU VM SE) [OBSOLETE]
Price 0.00
650 #0 - SUBJECT ADDED ENTRY--TOPICAL TERM
Topical term or geographic name entry element POWER RESOURCES
700 ## - ADDED ENTRY--PERSONAL NAME
Personal name Bockris, John O'M
995 ## - RECOMMENDATION 995 [LOCAL, UNIMARC FRANCE]
-- 0.00
-- CBU-MAIN LIBRARY (Kitwe)
-- 1
-- 17.54
-- AVAILABLE
-- Main Library Open Access Collection
Holdings
Withdrawn status Lost status Source of classification or shelving scheme Damaged status Not for loan Home library Current library Shelving location Date acquired Total Checkouts Full call number Barcode Date last seen Price effective from Koha item type
          CBU-MAIN LIBRARY, KITWE. CBU-MAIN LIBRARY, KITWE.   11/30/2022   TJ 163.2 Mac 017155 11/30/2022 11/30/2022 MONOGRAPH